Virtualita v podniku
Pojem virtualita a virtuálny podnik. Rozdiel medzi virtuálnymi podnikmi a podnikmi, ktoré preferujú vonkajšie dodávky. Uplatnenie virtuality v pracovných tímoch (virtuálny zamestnanec, virtuálna kariéra).
Gespeichert in:
| Format: | Buchkapitel |
|---|---|
| Sprache: | Tschechisch |
| Schlagworte: | |
| Tags: |
Keine Tags, Fügen Sie das erste Tag hinzu!
|
MARC
| LEADER | 00000naa a2200000 4500 | ||
|---|---|---|---|
| 001 | r020221 | ||
| 005 | 20221208131056.8 | ||
| 041 | 0 | |a cze | |
| 044 | |a CZ | ||
| 245 | 1 | 0 | |a Virtualita v podniku |
| 520 | |a Pojem virtualita a virtuálny podnik. Rozdiel medzi virtuálnymi podnikmi a podnikmi, ktoré preferujú vonkajšie dodávky. Uplatnenie virtuality v pracovných tímoch (virtuálny zamestnanec, virtuálna kariéra). | ||
| 610 | 2 | 0 | |a podnik |
| 610 | 2 | 0 | |a podnik virtuálny |
| 610 | 2 | 0 | |a formy organizačné |
| 610 | 2 | 0 | |a štruktúra podniku organizačná |
| 610 | 2 | 0 | |a pojmy |